00465nam a2200145Ia 4500008004100000041000800041082001200049100002000061245001700081260004200098300003200140365001100172999001700183952011900200240624s9999 xx 000 0 und d aeng a823 DIC aDICKENS CHARLES aOLIVER TWIST c2008aOxfordbOxford University press alvii, : 480 : p. : cm. ; 19 cRSb32 c16640d16640 00104070aIMTNbIMTNcRack 40-Ad2011-02-21eIBHg195.00o823 DICp16640r2024-06-24 00:00:00t1w2024-06-24yBK